[Event "aut_ychg14 Deutschlandsberg"]
[Site "Deutschlandsberg, Laßnitzhaus"]
[Date "2006.??.??"]
[Round "1.3"]
[White "Berghofer, Anja"]
[Black "Wunderl, Eva"]
[Result "1-0"]
[WhiteElo "1589"]
[BlackElo "1267"]
[PlyCount "87"]
[EventDate "2006.06.03"]

1. e4 e5 2. Nf3 Nc6 3. d4 exd4 4. Nxd4 Bc5 5. Nxc6 Qf6 6. Qd2 Qxc6 7. Bd3 Nf6
8. O-O O-O 9. e5 Nd5 10. Be4 Qe6 11. Qxd5 Qxd5 12. Bxd5 Re8 13. Bf4 Bd4 14. c3
Bxe5 15. Re1 d6 16. Bxe5 dxe5 17. f4 c6 18. Bb3 e4 19. Kf2 Bf5 20. h3 h5 21.
Bd1 h4 22. Bg4 Bxg4 23. hxg4 g6 24. g5 Re7 25. Nd2 Rae8 26. Re3 Kg7 27. Rae1 b5
28. Rxe4 Rxe4 29. Nxe4 a5 30. Nd2 Rd8 31. Nf3 Rh8 32. Rh1 a4 33. Rxh4 Rd8 34.
Rh1 c5 35. g4 b4 36. cxb4 cxb4 37. Rc1 Rb8 38. f5 gxf5 39. gxf5 f6 40. g6 a3
41. b3 Rb5 42. Nd4 Rd5 43. Ne6+ Kh6 44. Rh1# 1-0

[Event "aut_ychg14 Deutschlandsberg"]
[Site "Deutschlandsberg, Laßnitzhaus"]
[Date "2006.??.??"]
[Round "1.4"]
[White "Windhager, Vanessa"]
[Black "Bauer, Marie-Christine"]
[Result "0-1"]
[WhiteElo "1200"]
[BlackElo "1510"]
[PlyCount "60"]
[EventDate "2006.06.03"]

1. e4 e6 2. d4 d5 3. exd5 exd5 4. Nc3 Bb4 5. Bd2 Ne7 6. Nf3 Nbc6 7. Bb5 Bg4 8.
Bxc6+ Nxc6 9. a3 Ba5 10. Qe2+ Be6 11. Be3 a6 12. O-O O-O 13. h3 Re8 14. Qd3 f6
15. Ne2 Qd7 16. Nf4 Bf5 17. Qd1 Qd6 18. c3 b5 19. b4 Bb6 20. Qb3 Red8 21. Bd2
Ne7 22. Nh4 Bd7 23. Nf3 c6 24. Rfc1 Bc7 25. g3 Bf5 26. g4 Be4 27. Nh2 g5 28.
Nh5 Qxh2+ 29. Kf1 Bd3+ 30. Ke1 Qg1# 0-1

[Event "aut_ychb12 Deutschlandsberg"]
[Site "Deutschlandsberg, Laßnitzhaus"]
[Date "2006.??.??"]
[Round "2.1"]
[White "Schnegg, Martin"]
[Black "Riemelmoser, Markus"]
[Result "1-0"]
[WhiteElo "1747"]
[BlackElo "1505"]
[PlyCount "57"]
[EventDate "2006.06.03"]

1. e4 c5 2. Nc3 d6 3. g3 Nf6 4. Bg2 e6 5. f4 Be7 6. Nf3 b6 7. e5 Nd5 8. O-O Bb7
9. d3 Nd7 10. exd6 Bxd6 11. Ne4 Be7 12. Ne5 Nxe5 13. fxe5 O-O 14. Qh5 Qc7 15.
Nf6+ Nxf6 16. exf6 Bxf6 17. Rxf6 gxf6 18. Bh6 Kh8 19. Qh4 Qe5 20. Bxb7 Rab8 21.
Bxf8 Rxf8 22. Rf1 f5 23. b3 Qe3+ 24. Kg2 Qd2+ 25. Rf2 Qc3 26. Qe7 Qg7 27. Bc6
Qh6 28. a4 Kg8 29. Qxa7 1-0

[Event "aut_ychb12 Deutschlandsberg"]
[Site "Deutschlandsberg, Laßnitzhaus"]
[Date "2006.??.??"]
[Round "2.2"]
[White "Dalnodar, Bernhard"]
[Black "Duan, Felix"]
[Result "0-1"]
[WhiteElo "1620"]
[BlackElo "1372"]
[PlyCount "44"]
[EventDate "2006.06.03"]

1. Nf3 Nf6 2. d4 g6 3. Bg5 Bg7 4. Nbd2 d6 5. c3 c5 6. e3 Nc6 7. Be2 Bd7 8. O-O
O-O 9. Qc2 b6 10. Rfe1 Rc8 11. dxc5 bxc5 12. a3 a5 13. Ne4 Bf5 14. Bxf6 exf6
15. Nh4 Be6 16. Rad1 f5 17. Nxd6 Qxh4 18. Nxc8 Rxc8 19. Ba6 Rb8 20. g3 Qh3 21.
Qa4 Ne5 22. Qh4 Nf3+ 0-1

[Event "aut_ychb12 Deutschlandsberg"]
[Site "Deutschlandsberg, Laßnitzhaus"]
[Date "2006.??.??"]
[Round "2.3"]
[White "Handler, Lukas"]
[Black "Wertjanz, David"]
[Result "1/2-1/2"]
[WhiteElo "1444"]
[BlackElo "1743"]
[PlyCount "96"]
[EventDate "2006.06.03"]

1. d4 Nf6 2. c4 e5 3. dxe5 Ng4 4. Bf4 Nc6 5. Nf3 Bb4+ 6. Nbd2 Qe7 7. a3 Ngxe5
8. Nxe5 Nxe5 9. e3 Bxd2+ 10. Qxd2 d6 11. Be2 Bd7 12. O-O O-O 13. Rac1 Rfd8 14.
Rfd1 Ba4 15. Re1 Bc6 16. b4 Ng6 17. Bg3 Qg5 18. b5 Be4 19. Bd3 Qf5 20. Bxe4
Qxe4 21. Qd5 Qxd5 22. cxd5 Rd7 23. Rc2 Ne7 24. Rd1 a6 25. Rb2 b6 26. Rd3 Kf8
27. Kf1 Ke8 28. a4 Kd8 29. Ke2 Kc8 30. e4 f5 31. Kf3 fxe4+ 32. Kxe4 Kb7 33. f4
Re8 34. Kf3 Nf5 35. Bf2 Rde7 36. g4 Nh6 37. h3 axb5 38. axb5 Rf8 39. Re3 Rxe3+
40. Kxe3 Ra8 41. Rb3 Ra1 42. f5 Rh1 43. Kf4 Nf7 44. Bd4 g5+ 45. Ke4 Rf1 46. Bf6
Rf4+ 47. Ke3 Ne5 48. Ke2 h6 1/2-1/2

[Event "aut_ychb12 Deutschlandsberg"]
[Site "Deutschlandsberg, Laßnitzhaus"]
[Date "2006.??.??"]
[Round "2.4"]
[White "Kessler, Luca"]
[Black "Posch, Florian"]
[Result "1/2-1/2"]
[WhiteElo "1663"]
[BlackElo "1396"]
[PlyCount "21"]
[EventDate "2006.06.03"]

1. e4 e5 2. Nf3 Nc6 3. Bc4 Bc5 4. c3 Nf6 5. d3 d6 6. O-O Bg4 7. Nbd2 O-O 8. a4
a5 9. Re1 d5 10. Bb3 dxe4 11. dxe4 1/2-1/2

[Event "aut_ychb12 Deutschlandsberg"]
[Site "Deutschlandsberg, Laßnitzhaus"]
[Date "2006.??.??"]
[Round "2.5"]
[White "Buchner, Gernot"]
[Black "Kammerer, Gernot"]
[Result "1/2-1/2"]
[WhiteElo "1499"]
[BlackElo "1626"]
[PlyCount "78"]
[EventDate "2006.06.03"]

1. e4 c5 2. Nc3 Nc6 3. Bc4 g6 4. d3 Bg7 5. Bd2 e6 6. a3 Nge7 7. Nf3 O-O 8. O-O
d5 9. exd5 exd5 10. Ba2 Be6 11. Qc1 Nf5 12. Ne2 Re8 13. Re1 Ncd4 14. Nexd4 Nxd4
15. Nxd4 Bxd4 16. Be3 Qf6 17. Rb1 Bxe3 18. fxe3 d4 19. Bxe6 Rxe6 20. e4 Rc8 21.
b3 b5 22. Rf1 Qe5 23. Qf4 Qxf4 24. Rxf4 Kg7 25. a4 bxa4 26. bxa4 Rb6 27. Rff1
Rcb8 28. Rxb6 Rxb6 29. a5 Rb2 30. Rc1 Ra2 31. c3 Rxa5 32. cxd4 cxd4 33. Rc4 Kf6
34. Rxd4 Ra2 35. Rd5 Ke6 36. d4 f5 37. Re5+ Kf6 38. exf5 gxf5 39. h3 Rd2
1/2-1/2

[Event "aut_ychb12 Deutschlandsberg"]
[Site "Deutschlandsberg, Laßnitzhaus"]
[Date "2006.??.??"]
[Round "2.6"]
[White "Strantz, Joerg"]
[Black "Klocker, Elias"]
[Result "0-1"]
[WhiteElo "1375"]
[BlackElo "1539"]
[PlyCount "88"]
[EventDate "2006.06.03"]

1. d4 d5 2. c4 e6 3. Nc3 Nf6 4. Bg5 Be7 5. e3 h6 6. Bh4 O-O 7. Nf3 b6 8. Rc1
Bb7 9. cxd5 exd5 10. Bd3 Nbd7 11. O-O c5 12. Re1 Re8 13. Bb5 a6 14. Bd3 Qc7 15.
dxc5 bxc5 16. Bg3 Qd8 17. Ne5 Bf8 18. Nxd7 Qxd7 19. Na4 Qc6 20. b4 c4 21. Bf1
Bxb4 22. Re2 Rad8 23. Rb1 a5 24. Rc2 Qxa4 25. Bc7 Rd7 26. Bb6 Re6 27. Bd4 Ne4
28. Be2 Rde7 29. Bg4 Rc6 30. Bh5 Nf6 31. Bf3 Rd6 32. h3 Ne4 33. Qe2 Ba6 34. Qd1
c3 35. Bxe4 Rxe4 36. f3 Ree6 37. Ra1 Bc4 38. f4 Re4 39. Be5 Rxe3 40. Bxd6 Bxd6
41. Rf2 Qxd1+ 42. Rxd1 Re2 43. Rxe2 Bxe2 44. Rxd5 c2 0-1

[Event "aut_ychb12 Deutschlandsberg"]
[Site "Deutschlandsberg, Laßnitzhaus"]
[Date "2006.??.??"]
[Round "2.7"]
[White "Stolzlechner, Andreas"]
[Black "Pilsan, Aaron"]
[Result "0-1"]
[WhiteElo "1534"]
[BlackElo "1459"]
[PlyCount "100"]
[EventDate "2006.06.03"]

1. e4 e5 2. Nf3 Nf6 3. Nxe5 d6 4. Nf3 Nxe4 5. d3 Nf6 6. Bg5 d5 7. Nc3 Be6 8. d4
Bb4 9. a3 Bxc3+ 10. bxc3 h6 11. Bh4 g5 12. Bg3 Ne4 13. Qd3 Nd7 14. Nd2 f5 15.
h3 f4 16. Bh2 Ndf6 17. Nxe4 dxe4 18. Qb5+ Kf7 19. Qxb7 Bd5 20. Qa6 Qc8 21. Qxc8
Rhxc8 22. Be2 Rab8 23. O-O Rb2 24. Rfc1 c5 25. c4 Be6 26. d5 Bf5 27. Bd1 Nd7
28. Rcb1 Rcb8 29. Rxb2 Rxb2 30. c3 Ne5 31. g4 Bg6 32. Kf1 Nxc4 33. Be2 Nb6 34.
c4 Na4 35. Ke1 Nc3 36. Bf1 Na4 37. Bg1 Kf6 38. Bh2 Ke5 39. Bg1 Nb6 40. Kd1 Nd7
41. Kc1 Rb8 42. Rb1 Rxb1+ 43. Kxb1 Nb6 44. Kb2 Kd4 45. f3+ e3 46. Kb3 a5 47. a4
Bd3 48. Bxd3 Kxd3 49. d6 e2 50. Bf2 Kd2 0-1

[Event "aut_ychb12 Deutschlandsberg"]
[Site "Deutschlandsberg, Laßnitzhaus"]
[Date "2006.??.??"]
[Round "2.8"]
[White "Steiner, Lucia"]
[Black "Liao, Kevin"]
[Result "0-1"]
[WhiteElo "1403"]
[BlackElo "1525"]
[PlyCount "86"]
[EventDate "2006.06.03"]

1. e4 e5 2. Nf3 Nc6 3. Bc4 Bc5 4. O-O Nf6 5. Re1 O-O 6. c3 d6 7. h3 Be6 8. Bb3
Na5 9. Bc2 Bb6 10. d4 exd4 11. cxd4 d5 12. exd5 Bxd5 13. Be3 Nc6 14. Nbd2 Qd6
15. Bb3 Ba5 16. Rf1 Bxd2 17. Bxd5 Bxe3 18. Bxc6 Bxf2+ 19. Rxf2 Qxc6 20. Ne5 Qe6
21. a3 Rad8 22. Rc1 c6 23. Re2 Qd5 24. Nf3 Rfe8 25. Rxe8+ Rxe8 26. Rc5 Qd6 27.
Re5 Rxe5 28. Nxe5 c5 29. Nf3 Nd7 30. Qd2 cxd4 31. Qxd4 Qxd4+ 32. Nxd4 Nb6 33.
Kf2 Nc4 34. Nb5 a6 35. Nc3 Nxb2 36. Ke3 Nc4+ 37. Kd4 Nxa3 38. Ne4 Nb5+ 39. Kc4
Kf8 40. Nc5 Nd6+ 41. Kd5 Ke7 42. Ke5 a5 43. Kd5 b6 0-1

[Event "aut_ychb12 Deutschlandsberg"]
[Site "Deutschlandsberg, Laßnitzhaus"]
[Date "2006.??.??"]
[Round "2.9"]
[White "Cortolezis, Leander"]
[Black "Hoertnagl, Martin"]
[Result "0-1"]
[WhiteElo "1523"]
[BlackElo "1420"]
[PlyCount "112"]
[EventDate "2006.06.03"]

1. e4 d5 2. exd5 Qxd5 3. Nc3 Qa5 4. Nf3 Nf6 5. d4 Bf5 6. Bf4 e6 7. Bd3 Nbd7 8.
Bxf5 Qxf5 9. Bxc7 Rc8 10. Bg3 Bb4 11. Qd2 Qa5 12. O-O Bxc3 13. bxc3 Ne4 14. Qe2
Nxc3 15. Qd2 O-O 16. Rfd1 b6 17. Rdc1 Nf6 18. Be5 Nfd5 19. Ng5 f6 20. Nxe6 Rfe8
21. Nf4 fxe5 22. Nxd5 Qxd5 23. Re1 exd4 24. Rxe8+ Rxe8 25. Qd3 Qc5 26. Qa6 Re2
27. Qxa7 Qf5 28. Qb8+ Kf7 29. Qc7+ Kg6 30. Qd6+ Kh5 31. Qg3 Nxa2 32. f4 Qxc2
33. Qf3+ Kg6 34. Qg4+ Kf7 35. Qh5+ g6 36. Qd5+ Kg7 37. Rxa2 Qxa2 38. Qd7+ Kh6
39. Qh3+ Kg7 40. Qd7+ Qf7 41. Qxd4+ Qf6 42. Qd7+ Re7 43. Qd5 Qa1+ 44. Kf2 Qe1+
45. Kf3 Re3+ 46. Kg4 h5+ 47. Kg5 Qa5 48. Qxa5 bxa5 49. g4 a4 50. gxh5 gxh5 51.
Kxh5 Rh3+ 52. Kg4 Rxh2 53. f5 a3 54. Kg5 a2 55. f6+ Kf7 56. Kf5 a1=Q 0-1

[Event "aut_ychb14 Deutschlandsberg"]
[Site "Deutschlandsberg, Laßnitzhaus"]
[Date "2006.??.??"]
[Round "2.1"]
[White "Schreiner, Peter"]
[Black "Binder, Michael"]
[Result "1-0"]
[WhiteElo "1878"]
[BlackElo "1818"]
[PlyCount "75"]
[EventDate "2006.06.03"]

1. e4 c5 2. c3 d5 3. exd5 Qxd5 4. d4 Nc6 5. Nf3 Bg4 6. Be2 cxd4 7. cxd4 e6 8.
O-O Nf6 9. Nc3 Qd7 10. Be3 Nd5 11. h3 Bh5 12. Ne4 Nxe3 13. fxe3 Be7 14. Ng3 Bg6
15. h4 Bd6 16. Nh1 a6 17. Nf2 Bg3 18. Nh1 Bc7 19. Nf2 Qe7 20. Bd3 Bg3 21. Qb3
O-O 22. h5 Bxh5 23. Ne4 Bb8 24. Nc5 Ra7 25. Rac1 g5 26. Ne4 g4 27. Ne5 f5 28.
Ng3 Bg6 29. Nxf5 Bxf5 30. Rxf5 Nxe5 31. Rxf8+ Kxf8 32. Rc8+ Kg7 33. dxe5 Bxe5
34. Qa4 Bf6 35. Qxg4+ Bg5 36. Qe4 Kh6 37. Rh8 b5 38. Qg6# 1-0

[Event "aut_ychb14 Deutschlandsberg"]
[Site "Deutschlandsberg, Laßnitzhaus"]
[Date "2006.??.??"]
[Round "2.2"]
[White "Azad, Razik"]
[Black "Lumetzberger, Dominik"]
[Result "1/2-1/2"]
[WhiteElo "1846"]
[BlackElo "1673"]
[PlyCount "100"]
[EventDate "2006.06.03"]

1. e4 c5 2. Nf3 d6 3. Bb5+ Nd7 4. O-O a6 5. Be2 Ngf6 6. d3 g6 7. c4 Bg7 8. Nc3
O-O 9. Qc2 b6 10. b3 b5 11. Bb2 b4 12. Nd5 e6 13. Ne3 Bb7 14. Rfe1 e5 15. Nd5
Nxd5 16. exd5 f5 17. Rf1 g5 18. Qd2 f4 19. h3 h5 20. Nh2 Nf6 21. Bf3 Bc8 22.
Qe2 Qe8 23. Rae1 Qg6 24. Be4 Nxe4 25. dxe4 g4 26. hxg4 hxg4 27. Qd3 f3 28. Bc1
fxg2 29. Kxg2 Rf3 30. Qd2 Rh3 31. Qg5 Qxg5 32. Bxg5 Bf8 33. Re3 Ra7 34. Rg3 Rg7
35. Be3 Be7 36. Rg1 Bh4 37. Rxh3 gxh3+ 38. Kf1 Rxg1+ 39. Kxg1 Kg7 40. Nf3 Bf6
41. Kh2 Bg4 42. Kg3 h2 43. Nxh2 Bd1 44. Nf3 Bc2 45. Nd2 a5 46. Kg4 Kg6 47. f3
Bd3 48. Kh3 Be7 49. f4 Bf6 50. f5+ Kh5 1/2-1/2

[Event "aut_ychb14 Deutschlandsberg"]
[Site "Deutschlandsberg, Laßnitzhaus"]
[Date "2006.??.??"]
[Round "2.3"]
[White "Gerhold, Christoph"]
[Black "Halvax, Georg"]
[Result "0-1"]
[WhiteElo "1634"]
[BlackElo "1883"]
[PlyCount "40"]
[EventDate "2006.06.03"]

1. d4 Nf6 2. Nf3 g6 3. c4 Bg7 4. Nc3 O-O 5. e4 d6 6. Be2 e5 7. d5 Nbd7 8. Bg5
h6 9. Bh4 g5 10. Bg3 Nc5 11. Nd2 a5 12. O-O Nh7 13. Qc2 Re8 14. b3 Nf8 15. a3
b6 16. b4 Nb7 17. Nb3 Bd7 18. Rfc1 Ng6 19. Qd2 a4 20. Qb2 axb3 0-1

[Event "aut_ychb14 Deutschlandsberg"]
[Site "Deutschlandsberg, Laßnitzhaus"]
[Date "2006.??.??"]
[Round "2.4"]
[White "Schnegg, Daniel"]
[Black "Mrakotsky, Mario"]
[Result "1-0"]
[WhiteElo "1816"]
[BlackElo "1485"]
[PlyCount "73"]
[EventDate "2006.06.03"]

1. e4 c5 2. Nc3 Nc6 3. f4 e6 4. Nf3 d5 5. d3 Nge7 6. g3 g6 7. Bg2 Bg7 8. O-O
O-O 9. e5 Qb6 10. h3 Bd7 11. Kh2 Nf5 12. b3 f6 13. Na4 Qa5 14. Bd2 Qc7 15. Nxc5
fxe5 16. c3 Rae8 17. Nxd7 Qxd7 18. fxe5 Nxe5 19. d4 Nxf3+ 20. Bxf3 e5 21. dxe5
Bxe5 22. Bf4 Bxc3 23. Rc1 Ba5 24. Qxd5+ Qxd5 25. Bxd5+ Kg7 26. Bxb7 Re2+ 27.
Kh1 Rxa2 28. g4 Ne7 29. Bh6+ Kxh6 30. Rxf8 Bd2 31. Rc7 Bb4 32. h4 Nd5 33. g5+
Kh5 34. Rxh7+ Kg4 35. Rf1 Nf4 36. Rg1+ Kh3 37. Bc8+ 1-0

[Event "aut_ychb14 Deutschlandsberg"]
[Site "Deutschlandsberg, Laßnitzhaus"]
[Date "2006.??.??"]
[Round "2.5"]
[White "Singer, Gerald"]
[Black "Widhalm, Florian"]
[Result "0-1"]
[WhiteElo "1669"]
[BlackElo "1787"]
[PlyCount "58"]
[EventDate "2006.06.03"]

1. d4 d5 2. c4 e6 3. Nf3 Nf6 4. g3 Be7 5. Bg2 O-O 6. O-O b6 7. Qc2 Bb7 8. Nbd2
c5 9. Rd1 Qc7 10. cxd5 exd5 11. b3 Nbd7 12. Bb2 Rac8 13. Rac1 Qd6 14. Qb1 h6
15. e3 Qe6 16. Ne1 Ne4 17. Nd3 Nxd2 18. Rxd2 cxd4 19. Bxd4 Rxc1+ 20. Qxc1 Bd6
21. Rc2 Ba6 22. Nf4 Bxf4 23. gxf4 Nf6 24. Rc7 Qg4 25. Bxf6 gxf6 26. h3 Qh5 27.
Rxa7 Be2 28. Qd2 Bf3 29. Rd7 Qg6 0-1

[Event "aut_ychb14 Deutschlandsberg"]
[Site "Deutschlandsberg, Laßnitzhaus"]
[Date "2006.??.??"]
[Round "2.6"]
[White "Kozomara, David"]
[Black "Stagl, Marco"]
[Result "1/2-1/2"]
[WhiteElo "1715"]
[BlackElo "1581"]
[PlyCount "66"]
[EventDate "2006.06.03"]

1. e4 d5 2. exd5 Qxd5 3. Nc3 Qa5 4. d4 c6 5. Bd2 Bf5 6. Nf3 e6 7. a3 Nf6 8. Ne4
Qc7 9. Ng3 Bg6 10. Ne5 Nbd7 11. Nxg6 hxg6 12. Bd3 Bd6 13. c4 Bxg3 14. fxg3 Rxh2
15. O-O Qxg3 16. Qf3 Qh4 17. g3 Qh5 18. Qxh5 Rxh5 19. Bf4 O-O-O 20. Be2 Rhh8
21. Be3 a6 22. g4 Rhf8 23. Kg2 e5 24. Rad1 exd4 25. Bxd4 Ne8 26. c5 f6 27. Bd3
g5 28. Bf5 Nc7 29. Bf2 Nd5 30. b4 Rfe8 31. Rfe1 Nf4+ 32. Kf3 Nd5 33. Bg3 Rxe1
1/2-1/2

[Event "aut_ychb14 Deutschlandsberg"]
[Site "Deutschlandsberg, Laßnitzhaus"]
[Date "2006.??.??"]
[Round "2.7"]
[White "Peschek, Marcel"]
[Black "Hofer, Christian"]
[Result "0-1"]
[WhiteElo "1549"]
[BlackElo "1695"]
[PlyCount "62"]
[EventDate "2006.06.03"]

1. e4 c5 2. Nf3 d6 3. d4 cxd4 4. Nxd4 Bd7 5. Nc3 Nc6 6. Be3 Nf6 7. Be2 g6 8.
O-O Bg7 9. f4 O-O 10. Qd2 Nxd4 11. Bxd4 a6 12. Bf3 Bc6 13. Rad1 Rc8 14. Qe3 Qe8
15. e5 dxe5 16. fxe5 Nd7 17. e6 Nf6 18. Bxf6 Bxf6 19. Bg4 Rc7 20. exf7+ Kxf7
21. Be6+ Kg7 22. Qg3 Qb8 23. h4 Qa7+ 24. Kh1 b5 25. Rf2 Bxh4 26. Qe5+ Bf6 27.
Qe1 Qc5 28. Qd2 Bxc3 29. bxc3 Qxf2 30. Qg5 Qf4 31. Qc5 Bxg2+ 0-1

[Event "aut_ychb14 Deutschlandsberg"]
[Site "Deutschlandsberg, Laßnitzhaus"]
[Date "2006.??.??"]
[Round "2.8"]
[White "Banczi, Thomas"]
[Black "Hartl, Daniel"]
[Result "0-1"]
[WhiteElo "1415"]
[BlackElo "1865"]
[PlyCount "82"]
[EventDate "2006.06.03"]

1. e4 d5 2. exd5 Nf6 3. Nc3 Nxd5 4. Nxd5 Qxd5 5. Nf3 Bg4 6. Be2 Nc6 7. c3 e5 8.
Nh4 Bxe2 9. Qxe2 Be7 10. Nf3 e4 11. c4 Qf5 12. Ng1 Nd4 13. Qd1 e3 14. dxe3 Nc2+
15. Kf1 Rd8 16. Qe2 Nxa1 17. e4 Qd7 18. Ke1 Bb4+ 19. Kf1 Qd1+ 20. Qxd1 Rxd1+
21. Ke2 Rxc1 22. a3 Bc5 23. Kf3 Nc2 24. Ke2 Nd4+ 25. Kd2 Nb3+ 26. Kd3 Bxf2 27.
Nh3 Rxh1 28. Nxf2 Rxh2 29. Kc3 Rxg2 30. Nd3 Rg3 31. Kc2 Nd4+ 32. Kc3 c5 33. b4
Ne6 34. Kd2 b6 35. b5 Ke7 36. a4 Rd8 37. Ke2 Rdxd3 38. e5 Nf4+ 39. Kf2 Rg2+ 40.
Ke1 Rh3 41. Kf1 Rh1# 0-1

[Event "aut_ychb14 Deutschlandsberg"]
[Site "Deutschlandsberg, Laßnitzhaus"]
[Date "2006.??.??"]
[Round "2.9"]
[White "Riemelmoser, Stefan"]
[Black "Dimitriadis, Philipp"]
[Result "0-1"]
[WhiteElo "1581"]
[BlackElo "1646"]
[PlyCount "130"]
[EventDate "2006.06.03"]

1. e4 e5 2. Nf3 Nc6 3. Bb5 a6 4. Ba4 Nf6 5. O-O b5 6. Bb3 Be7 7. Re1 d6 8. c3
Bg4 9. h3 Bh5 10. d3 O-O 11. Nbd2 h6 12. Nf1 Na5 13. Bc2 c6 14. Ng3 Bg6 15. Nh4
Bh7 16. Nhf5 Bxf5 17. Nxf5 Kh7 18. d4 Ng8 19. Nxe7 Qxe7 20. b3 Kh8 21. Re3 Rae8
22. Ba3 Rd8 23. Qd3 Nb7 24. Qe2 Rfe8 25. Rd1 Qe6 26. Rg3 Nf6 27. Re3 Nd7 28. d5
cxd5 29. exd5 Qe7 30. Qd3 Nf6 31. f3 Qc7 32. b4 Rc8 33. Rde1 Qb6 34. Kh2 a5 35.
f4 e4 36. Qd2 axb4 37. cxb4 Qa7 38. Bb2 Qxa2 39. Bxf6 Rxc2 40. Bxg7+ Kxg7 41.
Rg3+ Kh7 42. Qd4 Rg8 43. Qxe4+ Kh8 44. Qd4+ Kh7 45. Qd3+ Kh8 46. Rxg8+ Kxg8 47.
Re8+ Kg7 48. Qg3+ Kf6 49. Qh4+ Kg7 50. Qg4+ Kf6 51. f5 Rc4 52. Qh5 Qd2 53. Qf3
Qf4+ 54. Qxf4 Rxf4 55. Rb8 Rxb4 56. Rxb7 Rb1 57. g4 b4 58. Kg3 b3 59. Kh4 b2
60. Rb3 Ke5 61. Kh5 Rh1 62. Kxh6 b1=Q 63. Rxb1 Rxb1 64. Kg7 f6 65. h4 Rg1 0-1

[Event "aut_ychb14 Deutschlandsberg"]
[Site "Deutschlandsberg, Laßnitzhaus"]
[Date "2006.??.??"]
[Round "2.10"]
[White "Ammann, Stephan"]
[Black "Wertjanz, Daniel"]
[Result "0-1"]
[WhiteElo "1370"]
[BlackElo "1625"]
[PlyCount "98"]
[EventDate "2006.06.03"]

1. e4 d6 2. d4 g6 3. Nf3 Bg7 4. Bf4 Nf6 5. Nc3 O-O 6. Bc4 b6 7. e5 dxe5 8. dxe5
Qxd1+ 9. Rxd1 Nh5 10. Bd5 c6 11. Nb5 a6 12. e6 cxd5 13. exf7+ Rxf7 14. Bxb8
axb5 15. Be5 Bg4 16. Bxg7 Kxg7 17. Rd3 Bxf3 18. gxf3 Rxa2 19. Kd2 e6 20. Re1
Re7 21. Rxd5 Rxb2 22. Rd6 Rc7 23. Rc1 Kf6 24. Rxb6 b4 25. Kd1 Kf5 26. c4 bxc3
27. Rxc3 Rxc3 28. Rxb2 Rxf3 29. Ke2 Rh3 30. Rb5+ Kf6 31. Rb7 Nf4+ 32. Kd2 Rxh2
33. Ke3 Nd5+ 34. Ke4 h5 35. f4 Rh4 36. Kf3 Rxf4+ 37. Kg3 h4+ 38. Kh3 g5 39. Rb8
Kf5 40. Rf8+ Nf6 41. Ra8 Rf3+ 42. Kg2 Kf4 43. Ra4+ Ne4 44. Ra8 h3+ 45. Kh2 Rf2+
46. Kh1 g4 47. Rh8 Ng3+ 48. Kg1 Rf1+ 49. Kh2 Rh1# 0-1

[Event "aut_ychg12 Deutschlandsberg"]
[Site "Deutschlandsberg, Laßnitzhaus"]
[Date "2006.??.??"]
[Round "2.1"]
[White "Froewis, Annika"]
[Black "Tarmastin, Laura"]
[Result "1-0"]
[WhiteElo "1720"]
[BlackElo "1477"]
[PlyCount "49"]
[EventDate "2006.06.03"]

1. e4 e5 2. Nf3 Nc6 3. Bb5 d6 4. O-O Nf6 5. Nc3 Bd7 6. Re1 Be7 7. d3 O-O 8. Ne2
a6 9. Bc4 Be6 10. Bb3 Nd7 11. Be3 h6 12. Ng3 Nb6 13. c3 Qc8 14. d4 Na5 15. Bxe6
Qxe6 16. d5 Qd7 17. Bxb6 cxb6 18. Nd2 Qb5 19. b4 Nc4 20. a4 Nb2 21. axb5 Nxd1
22. Rexd1 Rfc8 23. Nf5 Bf6 24. c4 Kf8 25. Nxd6 1-0

[Event "aut_ychg12 Deutschlandsberg"]
[Site "Deutschlandsberg, Laßnitzhaus"]
[Date "2006.??.??"]
[Round "2.2"]
[White "Wilfling, Sandra"]
[Black "Kessler, Michaela"]
[Result "0-1"]
[WhiteElo "1409"]
[BlackElo "1523"]
[PlyCount "62"]
[EventDate "2006.06.03"]

1. d4 d5 2. c4 e6 3. Nc3 Nf6 4. Bg5 Nbd7 5. Nf3 c6 6. e3 Bb4 7. Nd2 Qa5 8. Qc2
dxc4 9. Bxf6 Nxf6 10. Nxc4 Qc7 11. Be2 Nd5 12. O-O Bd7 13. Nxd5 exd5 14. Ne5
Bd6 15. Nf3 O-O-O 16. Rac1 h6 17. Bd3 Kb8 18. e4 Bg4 19. e5 Be7 20. Be2 f6 21.
exf6 Bxf6 22. Rcd1 Rde8 23. h3 h5 24. Qd3 Re4 25. Qc2 Bxf3 26. Bxf3 Rxd4 27.
Rb1 Qf4 28. Rfe1 Rd2 29. Qb3 Bd4 30. Rf1 g5 31. g3 Qxg3+ 0-1

[Event "aut_ychg12 Deutschlandsberg"]
[Site "Deutschlandsberg, Laßnitzhaus"]
[Date "2006.??.??"]
[Round "2.3"]
[White "Gerhold, Doris"]
[Black "Krivda, Manuela"]
[Result "1/2-1/2"]
[WhiteElo "1511"]
[BlackElo "1398"]
[PlyCount "66"]
[EventDate "2006.06.03"]

1. e4 c5 2. f4 d6 3. Nc3 g6 4. Nf3 Bg7 5. Bc4 e6 6. d3 Nc6 7. Bb5 Nge7 8. O-O
O-O 9. Qe1 a6 10. Bxc6 Nxc6 11. Ng5 f5 12. Qh4 h6 13. Nf3 Qxh4 14. Nxh4 Kh7 15.
Be3 Nd4 16. Rac1 Bd7 17. Nf3 Rac8 18. Bf2 Rfe8 19. Nxd4 Bxd4 20. Bxd4 cxd4 21.
Ne2 e5 22. Ng3 Rf8 23. c3 dxc3 24. Rxc3 Rxc3 25. bxc3 Bb5 26. Rf3 exf4 27. Rxf4
Bxd3 28. Kf2 Kg7 29. Ke3 Bxe4 30. Nxe4 fxe4 31. Rxe4 Rc8 32. Kd4 Kf6 33. Rf4+
Kg7 1/2-1/2

[Event "aut_ychg12 Deutschlandsberg"]
[Site "Deutschlandsberg, Laßnitzhaus"]
[Date "2006.??.??"]
[Round "2.4"]
[White "Schnegg, Anna-Lena"]
[Black "Bauer, Valentina"]
[Result "0-1"]
[WhiteElo "1283"]
[BlackElo "1389"]
[PlyCount "58"]
[EventDate "2006.06.03"]

1. e4 e6 2. d4 d5 3. Nd2 dxe4 4. Nxe4 Nd7 5. Nf3 Ngf6 6. Bg5 Be7 7. Nxf6+ Bxf6
8. Bxf6 Nxf6 9. Bc4 b6 10. O-O Bb7 11. Bb5+ Nd7 12. d5 exd5 13. Re1+ Kf8 14. h3
a6 15. Ba4 b5 16. Bb3 Nc5 17. Qd4 Nxb3 18. Qb4+ Qd6 19. Qxb3 Re8 20. Ng5 h6 21.
Rxe8+ Kxe8 22. Re1+ Kf8 23. Nf3 h5 24. Ne5 Rh6 25. Re4 Re6 26. Qf3 Rxe5 27.
Rxe5 Qxe5 28. a4 g6 29. b3 Qf5 0-1

[Event "aut_ychg12 Deutschlandsberg"]
[Site "Deutschlandsberg, Laßnitzhaus"]
[Date "2006.??.??"]
[Round "2.5"]
[White "Teufl, Franziska"]
[Black "Boehm, Beatrice"]
[Result "1-0"]
[WhiteElo "1308"]
[BlackElo "1200"]
[PlyCount "79"]
[EventDate "2006.06.03"]

1. e4 e6 2. Nf3 d5 3. exd5 exd5 4. d4 Bd6 5. Be3 Bg4 6. Nc3 Nf6 7. Bd3 Nc6 8.
h3 Be6 9. Qd2 Qe7 10. Bb5 Qd7 11. Bxc6 Qxc6 12. O-O O-O 13. Qe2 Rad8 14. Nd2
Rfe8 15. Qf3 Qb6 16. Rae1 Qxb2 17. Ndb1 Qxc2 18. Re2 Qd3 19. Rd2 Qc4 20. a4 Bb4
21. Qg3 Bd6 22. Qh4 Ne4 23. Nxe4 dxe4 24. Qxe4 Bd5 25. Qg4 Re7 26. Bh6 Kf8 27.
Bxg7+ Ke8 28. Bh6 Be6 29. Qg8+ Kd7 30. Qxh7 Rde8 31. Qe4 Bd5 32. Qg4+ Kd8 33.
Bg5 f6 34. Bxf6 c6 35. Bxe7+ Kxe7 36. Re1+ Kd8 37. Rxe8+ Kc7 38. a5 Qc1+ 39.
Rd1 Qf4 40. Qc8# 1-0

[Event "aut_ychg12 Deutschlandsberg"]
[Site "Deutschlandsberg, Laßnitzhaus"]
[Date "2006.??.??"]
[Round "2.6"]
[White "Plessl, Ursula"]
[Black "Monadjem, Mina"]
[Result "0-1"]
[WhiteElo "1200"]
[BlackElo "1301"]
[PlyCount "102"]
[EventDate "2006.06.03"]

1. e4 c6 2. Nf3 d5 3. exd5 cxd5 4. Bb5+ Bd7 5. a4 Bxb5 6. axb5 Qb6 7. Qe2 Nf6
8. d4 g6 9. Bg5 Bg7 10. O-O O-O 11. Re1 Re8 12. Ra3 Qc7 13. Rc3 Qd7 14. Ne5 Qf5
15. h4 Ne4 16. Rf3 Qe6 17. Nc3 Nxc3 18. Rxc3 f6 19. Ng4 Qxe2 20. Rxe2 fxg5 21.
Rc7 Bf8 22. Nh6+ Bxh6 23. Rexe7 Rxe7 24. Rxe7 Bf8 25. Re1 gxh4 26. Ra1 Nd7 27.
b3 Bg7 28. c3 a6 29. bxa6 bxa6 30. b4 g5 31. b5 a5 32. Rb1 Rb8 33. f3 a4 34.
Ra1 Ra8 35. Rb1 Nb6 36. Ra1 a3 37. Kf2 a2 38. g3 h3 39. Kg1 h5 40. f4 g4 41. f5
h4 42. Kf2 h2 43. Kg2 hxg3 44. Kh1 Re8 45. Rf1 Bf6 46. c4 dxc4 47. d5 Nxd5 48.
b6 Nxb6 49. Kg2 a1=Q 50. Rxa1 Bxa1 51. Kf1 h1=Q# 0-1